000 00401nam a22001577a 4500
005 20200529155755.0
008 200529b xxu||||| |||| 00| 0 eng d
041 _aeng
082 _a340
100 _aBARE ACT
_95744
245 _aTHE MICRO SMALL AND MEDIUM ENTERPRISES DEVELOPMENT ACT, 2006
260 _aDELHI
_bPROFESSIONAL BOOK PUBLISHERS
300 _a34;p
650 _aLAW
_95701
942 _cBK
999 _c6619
_d6617